III Taller y Seminario Latinoamericano. Tratamiento Anaerobio de Aguas Residuales
Uloženo v:
| Hlavní autoři: | , , , |
|---|---|
| Médium: | Kniha |
| Jazyk: | španělština |
| Vydáno: |
Montevideo
Universidad de la República
1994
|
| Témata: | |
| Tagy: |
Přidat tag
Žádné tagy, Buďte první, kdo vytvoří štítek k tomuto záznamu!
|
MARC
| LEADER | 00000nam a2200000 a 4500 | ||
|---|---|---|---|
| 001 | UCZ5903 | ||
| 003 | CL-VaPUC | ||
| 005 | 20231123085046.0 | ||
| 008 | 951127e19940000uy 1 spa d | ||
| 082 | 0 | 4 | |a 628.354 |b VIÑ |2 21 |
| 100 | 1 | |a Viñas, María |e author |9 617434 | |
| 700 | 1 | |a Soubes, Matilde |e author |9 617435 | |
| 700 | 1 | |a Borzacconi, Liliana |e author |9 617436 | |
| 700 | 1 | |a Muxi, Lucía |e author |9 617437 | |
| 245 | 1 | 0 | |a III Taller y Seminario Latinoamericano. Tratamiento Anaerobio de Aguas Residuales |
| 260 | |a Montevideo |b Universidad de la República |c 1994 | ||
| 300 | |a 476 p | ||
| 583 | |a last modification |c 19951127 00:00:00 |k Rodrigo Vera | ||
| 650 | 0 | 0 | |a Anaerobiosis |9 380072 |
| 650 | 0 | 0 | |a Aerobiosis |9 617438 |
| 650 | 0 | 0 | |a Aguas residuales |9 262614 |
| 650 | 0 | 0 | |a Contaminación del agua |9 261423 |
| 650 | 0 | 0 | |a Tratamiento de residuos |9 262890 |
| 650 | 0 | 0 | |a Tecnología |9 256742 |
| 650 | 0 | 7 | |a CIENCIAS AMBIENTALES |2 CL-VaPUC |9 344897 |
| 650 | 0 | 0 | |a Congresos |9 257560 |
| 650 | 0 | 0 | |a Agua |9 257149 |
| 942 | |c BK | ||
| 945 | |a rbrito |d 19951127 00:00:00 | ||
| 546 | |a En Español | ||
| 518 | |p Taller y Seminario Latinoamericano Tratamiento Anaerobio de Aguas Residuales, 3, Montevideo, 1994 | ||
| 999 | |c 382466 |d 382464 | ||
| 952 | |0 0 |1 0 |4 0 |6 628_354000000000000_VIÑ_1994 |7 0 |8 A |9 504180 |a BIBING |b BIBING |d 2020-01-23 |i 315565K |o 628.354 VIÑ 1994 |p 315565K |r 2025-01-20 |w 2020-01-23 |y BK |k EIB | ||
| 952 | |0 0 |1 0 |4 0 |6 628_354000000000000_VIÑ_1994 |7 0 |8 A |9 504181 |a BIBING |b BIBING |d 2020-01-23 |i 3155641 |o 628.354 VIÑ 1994 |p 3155641 |r 2025-01-20 |w 2020-01-23 |y BK |k EIB | ||
| 952 | |0 0 |1 0 |4 0 |6 628_354000000000000_VIÑ_1994 |7 0 |8 A |9 504182 |a BIBING |b BIBING |d 2020-01-23 |i 3155668 |o 628.354 VIÑ 1994 |p 3155668 |r 2025-01-20 |w 2020-01-23 |y BK |k EIB | ||
| 952 | |0 0 |1 0 |4 0 |6 628_354000000000000_VIÑ_1994 |7 0 |8 A |9 504183 |a BIBING |b BIBING |d 2020-01-23 |i 3155676 |o 628.354 VIÑ 1994 |p 3155676 |r 2025-01-20 |w 2020-01-23 |y BK |k EIB | ||